000 00850nam a2200253Ia 4500
003 OSt
005 20220930194757.0
006 a|||||r|||| 00| 0
007 ta
008 220926b |||||||| |||| 00| 0 eng d
024 _a13206
037 _cDissertations
040 _aCRL
_cCRL
_beng
041 _2eng
_aeng
100 _aUma R.
_9563592
110 _aUniversity of Delhi. Faculty of Medical Sciences. Department of Ophthalmology
_9520086
245 0 _aRole of laser iridoplasty with iridotomy in the management of angle closure glaucoma
260 _c1992
650 _aEYE - DISEASES
_9197938
700 _a Dr A K Gupta Supervisor
_9527321
700 _aUniversity of Delhi. Faculty of Medical Sciences. Department of Ophthalmology
_9520088
942 _cDIS
_2CC
999 _c898138
_d898138